Non-Rodents Mistaken for Rodents - Statistics

General Stats
  • This quiz has been taken 318 times
  • The average score is 11 of 13
Answer Stats
Hint Answer % Correct
A spiny animal sometimes kept as a pet, Sonic is one hedgehog
96%
Bugs, Roger, and Brer are these rabbit
94%
Well known for it's stinky defense system skunk
94%
A masked member of Carnivora that sometimes raids trashcans raccoon
92%
The second largest order of mammals; these can fly bat
90%
A big-handed insectivore that burrows in your yard and some species are blind mole
90%
A relative of the rabbit found in the mountains (add -chu, and it'll be a Pokemon character) pika
84%
Related to the above; kept as a pet ferret
82%
A member of the mongoose family; Timon is one meerkat
79%
A marsupial common to the Americas opossum
78%
A long, sleek small carnivore weasel
75%
A tiny mouse-like insectivore with beady eyes and pointed snout shrew
67%
A marsupial resembling a flying squirrel sugar glider
50%
No matching quizzes found
Score Distribution
Percent of People with Each Score
Percentile by Number Answered
Your Score History
You have not taken this quiz